[Event "36th ECC Open 2021"]
[Site "Struga MKD"]
[Date "2021.09.24"]
[Round "7.14"]
[Board "4"]
[White "Slavin, Gennadie"]
[Black "Hove, Esben Kjems"]
[Result "0-1"]
[BlackTitle "FM"]
[WhiteElo "2264"]
[BlackElo "2315"]
[WhiteTeam "Perfect"]
[BlackTeam "Nordkalotten"]
[WhiteFideId "4104870"]
[BlackFideId "1401505"]
[EventDate "2021.09.18"]
[EventType "team"]

1. e4 c6 2. c3 d5 3. d3 e5 4. Nf3 Bd6 5. g3 Nf6 6. Nbd2 Nbd7 7. Qc2 O-O 8. Bg2
Re8 9. O-O a5 10. a4 h6 11. Re1 Qc7 12. Nb3 dxe4 13. dxe4 Nc5 14. Nbd2 b5 15. b3
Be6 16. Ba3 Reb8 17. Reb1 Nfd7 18. Bf1 Ra7 19. Ne1 Rab7 20. axb5 cxb5 21. b4
axb4 22. Bxb4 Nf6 23. Bg2 Ra7 24. Rxa7 Qxa7 25. Nd3 Nxd3 26. Qxd3 Bc7 27. Nf1
Bc4 28. Qf3 Bb6 29. Rd1 Qa2 30. Rd2 Qb1 31. h3 Bxf1 32. Bxf1 Nxe4 33. Re2 Ng5
34. Qg4 e4 35. h4 Nf3+ 36. Kg2 Qxf1+ 0-1

[Event "36th ECC Open 2021"]
[Site "Struga MKD"]
[Date "2021.09.24"]
[Round "7.14"]
[Board "5"]
[White "Jakobsen, Peter"]
[Black "Kurochkin, Victor"]
[Result "0-1"]
[WhiteTitle "FM"]
[WhiteElo "2202"]
[BlackElo "2407"]
[WhiteTeam "Nordkalotten"]
[BlackTeam "Perfect"]
[WhiteFideId "1401440"]
[BlackFideId "4105168"]
[EventDate "2021.09.18"]
[EventType "team"]

1. c4 c5 2. g3 Nf6 3. Bg2 e6 4. Nf3 a6 5. Nc3 Qc7 6. O-O b6 7. e4 d6 8. d4 cxd4
9. Nxd4 Bb7 10. Be3 Nbd7 11. Rc1 Be7 12. f4 O-O 13. f5 exf5 14. Nxf5 Rfe8 15.
Nd5 Bxd5 16. cxd5 Qd8 17. Bd4 Bf8 18. Rc6 Ne5 19. Rxb6 g6 20. Ne3 Nfd7 21. Rb3
h5 22. Qe2 Bg7 23. Bc3 Qc7 24. Kh1 Bh6 25. Bd2 Reb8 26. Rc1 Qa7 27. Rxb8+ Rxb8
28. b4 Qd4 29. a3 Qb2 30. Bf1 Qxa3 31. Nc4 Nxc4 32. Bxh6 Nce5 33. Qxa6 Qxa6 34.
Bxa6 Rxb4 35. Re1 Nc5 36. Bf1 Nxe4 37. Bg2 f5 38. Kg1 Rd4 39. Bf4 Nd3 40. Ra1
Nxf4 41. gxf4 Rxd5 0-1

[Event "36th ECC Open 2021"]
[Site "Struga MKD"]
[Date "2021.09.24"]
[Round "7.14"]
[Board "6"]
[White "Pleshkov, Mikhail"]
[Black "Andersen, Peter Vestergaard"]
[Result "1-0"]
[WhiteElo "1984"]
[BlackElo "1833"]
[WhiteTeam "Perfect"]
[BlackTeam "Nordkalotten"]
[WhiteFideId "34106917"]
[BlackFideId "1415760"]
[EventDate "2021.09.18"]
[EventType "team"]

1. d4 d5 2. Nf3 Nf6 3. e3 Bg4 4. b3 e6 5. Bb2 c5 6. Nbd2 Nc6 7. Be2 cxd4 8. exd4
Be7 9. O-O O-O 10. c4 Rc8 11. Rc1 a6 12. Qe1 Qa5 13. a3 Rfe8 14. Bd3 Bxf3 15. b4
Qd8 16. Nxf3 dxc4 17. Rxc4 Nd5 18. Qe4 g6 19. Rfc1 Qd7 20. R4c2 Bf6 21. b5 Nb8
22. bxa6 bxa6 23. Bc3 Nxc3 24. Rxc3 Rxc3 25. Rxc3 Rc8 26. Rc5 Rxc5 27. dxc5 Qc7
28. Qa8 Kg7 29. g3 Be7 30. Bxa6 Nxa6 31. Qxa6 Qxc5 32. a4 Qc1+ 33. Kg2 Qb2 34.
Qa7 Bf6 35. a5 e5 36. Qb6 Qa1 37. Nd2 e4 38. Nxe4 Bd4 39. Qb4 h5 40. h4 Ba7 41.
Qc3+ Qxc3 42. Nxc3 Kf6 43. Nb5 Bc5 44. a6 Kf5 45. a7 Bxa7 46. Nxa7 g5 47. hxg5
Kxg5 48. Kh3 f5 49. f4+ 1-0

[Event "36th ECC Open 2021"]
[Site "Struga MKD"]
[Date "2021.09.24"]
[Round "7.15"]
[Board "1"]
[White "Sarrau, Jelle"]
[Black "Bosboom, Manuel"]
[Result "1-0"]
[WhiteTitle "FM"]
[BlackTitle "IM"]
[WhiteElo "2374"]
[BlackElo "2395"]
[WhiteTeam "Zuid-Limburg"]
[BlackTeam "En Passant"]
[WhiteFideId "207608"]
[BlackFideId "1000080"]
[EventDate "2021.09.18"]
[EventType "team"]

1. c4 g6 2. g3 Bg7 3. Bg2 Nf6 4. Nc3 O-O 5. e4 d6 6. Nge2 c5 7. d3 Nc6 8. h3 Rb8
9. Be3 a6 10. a4 Ne8 11. d4 cxd4 12. Nxd4 Nc7 13. O-O Ne6 14. Nde2 Nc5 15. Rb1
Nb4 16. b3 Bd7 17. Qd2 b5 18. Rfd1 Qc8 19. axb5 axb5 20. Nxb5 Bxb5 21. cxb5 Rxb5
22. Nc3 Rb8 23. Na4 Nba6 24. Nxc5 Nxc5 25. b4 Na4 26. Rdc1 Qe6 27. b5 Nb6 28.
Qd3 h5 29. Rc6 Nd7 30. Qc2 h4 31. gxh4 Ra8 32. b6 Nb8 33. Rc7 Ra6 34. Qc4 Qe5
35. Qd5 Ra1 36. Rcc1 Rxb1 37. Rxb1 Qc3 38. b7 Be5 39. Bf1 e6 40. Qc4 Qa5 41. Bb6
Qd2 42. Be3 Qa5 43. Rc1 d5 44. exd5 exd5 45. Qb5 Qd8 46. Rc8 Qe7 47. Qxd5 Nd7
48. Bg5 Nf6 49. Qf3 Kg7 50. Bxf6+ Qxf6 51. Qxf6+ 1-0

[Event "36th ECC Open 2021"]
[Site "Struga MKD"]
[Date "2021.09.24"]
[Round "7.15"]
[Board "2"]
[White "De Graaf, Dick"]
[Black "Suvorov, Alexander"]
[Result "0-1"]
[BlackTitle "FM"]
[WhiteElo "2076"]
[BlackElo "2363"]
[WhiteTeam "En Passant"]
[BlackTeam "Zuid-Limburg"]
[WhiteFideId "1005677"]
[BlackFideId "12977063"]
[EventDate "2021.09.18"]
[EventType "team"]

1. g3 d5 2. Bg2 c6 3. Nf3 Nf6 4. d3 Bg4 5. Nbd2 Nbd7 6. O-O e5 7. e4 dxe4 8.
Nxe4 Nxe4 9. dxe4 Bc5 10. Qd3 O-O 11. c3 a5 12. h3 Bxf3 13. Qxf3 Qe7 14. h4 Rfd8
15. Bg5 f6 16. Bc1 Nf8 17. Re1 a4 18. Bf1 b5 19. a3 Qa7 20. h5 h6 21. Rb1 Rd6
22. Be3 Bxe3 23. Rxe3 Ne6 24. Rd3 Rxd3 25. Bxd3 Ng5 26. Qf5 Qf7 27. Be2 Qa2 28.
Rd1 Qxb2 29. Bf1 Qxa3 30. f4 Nf7 31. Qe6 Qxc3 32. Rd7 Rf8 0-1

[Event "36th ECC Open 2021"]
[Site "Struga MKD"]
[Date "2021.09.24"]
[Round "7.15"]
[Board "3"]
[White "Lenaerts, Lennert"]
[Black "Van Twillert, Laurents"]
[Result "1-0"]
[WhiteTitle "FM"]
[BlackTitle "CM"]
[WhiteElo "2358"]
[BlackElo "2082"]
[WhiteTeam "Zuid-Limburg"]
[BlackTeam "En Passant"]
[WhiteFideId "211435"]
[BlackFideId "1009800"]
[EventDate "2021.09.18"]
[EventType "team"]

1. e4 c5 2. Nf3 Nf6 3. e5 Nd5 4. Nc3 e6 5. Nxd5 exd5 6. c3 d6 7. d4 dxe5 8. Nxe5
Nc6 9. Bb5 Bd7 10. Nxd7 Qxd7 11. O-O cxd4 12. Bxc6 bxc6 13. Qxd4 f6 14. Rd1 Be7
15. c4 O-O 16. cxd5 Rfd8 17. d6 Bf8 18. Bf4 Rab8 19. Rac1 Kh8 20. h3 Rb5 21. Qe4
Rc8 22. b3 c5 23. Rc2 Rb6 24. Rd5 Rbc6 25. Qa4 g5 26. Bg3 Qb7 27. Qc4 Qb6 28. d7
Rd8 29. Re2 Re6 30. Rxg5 Rxe2 31. Rg8# 1-0

[Event "36th ECC Open 2021"]
[Site "Struga MKD"]
[Date "2021.09.24"]
[Round "7.15"]
[Board "4"]
[White "Reichardt, Robin"]
[Black "Zimmermann, Luc"]
[Result "0-1"]
[BlackTitle "CM"]
[WhiteElo "2051"]
[BlackElo "2133"]
[WhiteTeam "En Passant"]
[BlackTeam "Zuid-Limburg"]
[WhiteFideId "1051067"]
[BlackFideId "1007033"]
[EventDate "2021.09.18"]
[EventType "team"]

1. d4 Nf6 2. Nf3 g6 3. c4 Bg7 4. Nc3 d5 5. h4 c6 6. Bg5 O-O 7. e3 Be6 8. Bxf6
exf6 9. cxd5 Bxd5 10. Nxd5 Qxd5 11. Qc2 Nd7 12. Bc4 Qa5+ 13. Qd2 Qxd2+ 14. Nxd2
f5 15. Nf3 c5 16. O-O cxd4 17. exd4 Nf6 18. Rfd1 Ne4 19. Rd3 Rac8 20. Bb3 Rc7
21. Rad1 Rfc8 22. Ng5 Nd6 23. Nf3 Bf6 24. g3 h6 25. Kg2 Kg7 26. Ne5 Re7 27. Re3
f4 28. Ree1 fxg3 29. fxg3 Nf5 30. Nf3 Ne3+ 31. Rxe3 Rxe3 32. Kf2 Re7 33. d5 Rd8
34. Nd2 b5 35. a4 bxa4 36. Ba2 Bd4+ 37. Kf3 Bc5 38. Ne4 Bd6 39. Rd4 f5 40. Nc3
a3 41. bxa3 Bxa3 42. Nb5 Bd6 43. Ra4 Bc5 44. Ra6 Bb6 45. d6 Re3+ 46. Kg2 Re2+
47. Kf1 Rb2 48. Nc7 Bxc7 49. Rxa7 Rc2 50. Rxc7+ Rxc7 51. dxc7 Rc8 0-1

[Event "36th ECC Open 2021"]
[Site "Struga MKD"]
[Date "2021.09.24"]
[Round "7.15"]
[Board "5"]
[White "Perkampus, Laurin"]
[Black "Reichardt, Jasper"]
[Result "1-0"]
[WhiteElo "2010"]
[BlackElo "1977"]
[WhiteTeam "Zuid-Limburg"]
[BlackTeam "En Passant"]
[WhiteFideId "16232283"]
[BlackFideId "1046578"]
[EventDate "2021.09.18"]
[EventType "team"]

1. d4 Nf6 2. c4 c5 3. d5 b5 4. Qc2 bxc4 5. e4 d6 6. Bxc4 g6 7. Nf3 Bg7 8. h3 O-O
9. O-O Ba6 10. Nfd2 Nfd7 11. Nc3 Qb6 12. b3 Ne5 13. Rb1 Nbd7 14. Bb2 Nxc4 15.
Nxc4 Bxc4 16. bxc4 Qa5 17. f4 Rab8 18. Ba1 Rb4 19. Nb5 Rxb1 20. Rxb1 Bxa1 21.
Rxa1 Rb8 22. Rb1 Rb7 23. Kh2 a6 24. Nc3 Rxb1 25. Nxb1 Nb6 26. Nd2 Qb4 27. e5 Kf8
28. Qd3 Qb2 29. exd6 exd6 30. Ne4 Qd4 31. Qxd4 cxd4 32. Nd2 Ke7 33. Kg3 Na4 34.
Kf3 Nc3 35. a3 f5 36. Nb3 Nb1 37. a4 Nc3 38. a5 Ne4 39. g4 Kf6 40. gxf5 gxf5 41.
Ke2 d3+ 42. Kxd3 Nf2+ 43. Ke3 Nd1+ 44. Kd4 Nf2 45. h4 h5 46. c5 dxc5+ 47. Nxc5
Nh3 48. Ke3 Ke7 49. Nxa6 Kd6 50. Nb4 Kc5 51. a6 1-0

[Event "36th ECC Open 2021"]
[Site "Struga MKD"]
[Date "2021.09.24"]
[Round "7.15"]
[Board "6"]
[White "Reichardt, Thomas"]
[Black "Winkels, Marcel"]
[Result "1-0"]
[BlackTitle "CM"]
[WhiteElo "1793"]
[BlackElo "1992"]
[WhiteTeam "En Passant"]
[BlackTeam "Zuid-Limburg"]
[WhiteFideId "1046586"]
[BlackFideId "1003887"]
[EventDate "2021.09.18"]
[EventType "team"]

1. e4 c5 2. Nf3 d6 3. d4 cxd4 4. Nxd4 Nf6 5. Nc3 a6 6. Bg5 Nbd7 7. Bc4 Qb6 8.
Bb3 g6 9. O-O Bg7 10. Re1 O-O 11. Be3 Qc7 12. f3 Ne5 13. Qe2 b5 14. Bf2 Bb7 15.
a3 Rac8 16. Rad1 Nc4 17. Ncxb5 axb5 18. Nxb5 Qc6 19. Na7 Qa6 20. Nxc8 Rxc8 21.
Bxc4 Qxc4 22. Qxc4 Rxc4 23. c3 Nd7 24. Bd4 Bh6 25. b3 Rc8 26. c4 Ba6 27. e5 Nc5
28. Bxc5 dxc5 29. e6 Rb8 30. Rd3 Bg7 31. exf7+ Kxf7 32. Red1 Bd4+ 33. Kf1 e5 34.
Ke2 Bc8 35. g4 Ra8 36. b4 Be6 37. Rc1 Bb2 38. Rc2 Bxa3 39. b5 Bb4 40. Ke3 Ra1
41. Rd8 Be1 42. Rh8 h6 43. b6 Rb1 44. b7 Rxb7 45. Rh7+ Kf8 46. Rxb7 h5 47. Rb6
Kf7 48. Rxe6 Kxe6 49. Ke4 hxg4 50. fxg4 Bb4 51. h4 Be1 52. h5 gxh5 53. gxh5 Kf6
54. Rg2 1-0

[Event "36th ECC Open 2021"]
[Site "Struga MKD"]
[Date "2021.09.24"]
[Round "7.16"]
[Board "1"]
[White "Stefanovski, Dushan"]
[Black "Haria, Ravi"]
[Result "0-1"]
[WhiteTitle "FM"]
[BlackTitle "IM"]
[WhiteElo "2222"]
[BlackElo "2465"]
[WhiteTeam "Gostivar"]
[BlackTeam "Gonzaga"]
[WhiteFideId "15000320"]
[BlackFideId "415820"]
[EventDate "2021.09.18"]
[EventType "team"]

1. e4 e5 2. Nc3 Nc6 3. g3 Bc5 4. Bg2 Nf6 5. Nge2 a6 6. h3 O-O 7. O-O Re8 8. d3
Nd4 9. Be3 c6 10. Na4 Ba7 11. c3 Nxe2+ 12. Qxe2 d6 13. Bxa7 Rxa7 14. Qe3 c5 15.
c4 b5 16. Nc3 Qa5 17. Qd2 Nd7 18. f4 Nb8 19. f5 f6 20. g4 Rf8 21. Rf2 Nc6 22.
Nd5 Qxd2 23. Rxd2 Nd4 24. Rc1 Bb7 25. Ne3 Bc6 26. Kf2 Rb8 27. Nc2 bxc4 28. Nxd4
exd4 29. Rxc4 Rab7 30. Rcc2 Ba4 31. b3 Bc6 32. Bf3 a5 33. Bd1 Kf8 34. Rc1 a4 35.
Kf3 Be8 36. Ke2 Ke7 37. Ke1 Kd8 38. Rg2 Bf7 39. bxa4 Rb2 40. Rd2 Rxd2 41. Kxd2
Kc7 42. h4 Rb2+ 43. Rc2 Rxa2 44. Rxa2 Bxa2 45. Kc2 Kb6 46. Kb2 Bf7 47. Bb3 Be8
48. g5 Ka5 49. Ka3 Bc6 50. Bc2 d5 51. e5 fxe5 52. h5 Be8 53. Bd1 c4 54. dxc4
dxc4 55. g6 hxg6 56. fxg6 Bc6 57. Bc2 d3 58. Bd1 e4 59. Bg4 Bd5 60. Kb2 e3 61.
Kc3 e2 62. Kd2 c3+ 0-1

[Event "36th ECC Open 2021"]
[Site "Struga MKD"]
[Date "2021.09.24"]
[Round "7.16"]
[Board "2"]
[White "O'Donnell, Conor"]
[Black "Organdziev, Oliver"]
[Result "0-1"]
[WhiteTitle "FM"]
[BlackTitle "FM"]
[WhiteElo "2303"]
[BlackElo "2249"]
[WhiteTeam "Gonzaga"]
[BlackTeam "Gostivar"]
[WhiteFideId "2504243"]
[BlackFideId "15000419"]
[EventDate "2021.09.18"]
[EventType "team"]

1. d4 d5 2. c4 Bf5 3. cxd5 Bxb1 4. Rxb1 Qxd5 5. Nf3 Nc6 6. e3 O-O-O 7. b4 e5 8.
b5 Bb4+ 9. Nd2 Bxd2+ 10. Bxd2 Nb8 11. dxe5 Qxe5 12. Qc2 Nf6 13. Rc1 Ne4 14. Bb4
Rd7 15. f4 Qe8 16. Bd3 f5 17. O-O Qe6 18. Bc4 Qb6 19. Qb3 Re8 20. Rc2 a5 21. Be1
a4 22. Qxa4 Qxe3+ 23. Kh1 Nc5 24. Qa5 b6 25. Qc3 Nd3 26. Bg3 Qe4 27. Rd2 Red8
28. Bh4 g5 29. Bxg5 Qe3 30. Rxd3 Rxd3 31. Qf6 R3d5 32. Bxd5 Rxd5 33. a4 Qe4 34.
Bh4 Nd7 35. Qc6 Nb8 36. Qf6 Nd7 37. Qg7 Kb7 38. Qa1 Rd2 39. Bf2 Nc5 40. Qe5 Rxf2
41. Qxe4+ Nxe4 0-1

[Event "36th ECC Open 2021"]
[Site "Struga MKD"]
[Date "2021.09.24"]
[Round "7.16"]
[Board "3"]
[White "Miljkovic, Mihajlo"]
[Black "Kanyamarala, Tarun"]
[Result "0-1"]
[BlackTitle "FM"]
[WhiteElo "2217"]
[BlackElo "2275"]
[WhiteTeam "Gostivar"]
[BlackTeam "Gonzaga"]
[WhiteFideId "922757"]
[BlackFideId "45004714"]
[EventDate "2021.09.18"]
[EventType "team"]

1. d4 f5 2. g3 Nf6 3. Bg2 g6 4. Nh3 Bg7 5. O-O O-O 6. c3 Nc6 7. Nd2 d6 8. Qb3+
Kh8 9. Ng5 Qe8 10. e4 e5 11. dxe5 dxe5 12. exf5 gxf5 13. Re1 Qh5 14. Ne6 Bxe6
15. Qxe6 e4 16. f4 Na5 17. a4 Rfd8 18. Nf1 Nd5 19. Ne3 Rd6 20. Qxd5 Rxd5 21.
Nxd5 Rd8 22. Ne3 Nb3 23. Rb1 Bf8 24. Bf1 Bc5 25. Be2 Qg6 26. Bc4 Nxc1 27. Rbxc1
Qb6 0-1

[Event "36th ECC Open 2021"]
[Site "Struga MKD"]
[Date "2021.09.24"]
[Round "7.16"]
[Board "4"]
[White "Kanyamarala, Trisha"]
[Black "Miftari, Hedon"]
[Result "1-0"]
[WhiteTitle "WIM"]
[WhiteElo "2093"]
[BlackElo "2002"]
[WhiteTeam "Gonzaga"]
[BlackTeam "Gostivar"]
[WhiteFideId "45004722"]
[BlackFideId "15007065"]
[EventDate "2021.09.18"]
[EventType "team"]

1. d4 Nf6 2. c4 e6 3. Nf3 d5 4. Nc3 Bb4 5. g3 O-O 6. Bg2 dxc4 7. O-O c5 8. dxc5
Bxc3 9. bxc3 Qa5 10. Qd4 Nd5 11. Bd2 Nd7 12. e4 N5f6 13. Be3 Ng4 14. Bf4 Re8 15.
Bd6 Qa4 16. Nd2 e5 17. Qxc4 Qc6 18. Qd5 Qa6 19. Rfe1 Ngf6 20. Qc4 Qc6 21. Bf1 a6
22. Nf3 h6 23. Rad1 b6 24. cxb6 Qxb6 25. Qb3 Qxb3 26. axb3 Bb7 27. Nd2 Rac8 28.
c4 Rc6 29. Ba3 Nc5 30. b4 Ne6 31. Bb2 Nf8 32. c5 Rcc8 33. Nc4 Red8 34. Nd6 Rb8
35. Bxe5 Ng6 36. Bxf6 gxf6 37. f4 Ne7 38. Bc4 Rf8 39. Rd2 Kg7 40. e5 fxe5 41.
fxe5 Bc6 42. Rb2 Bb5 43. Ba2 Nc6 44. Nf5+ Kh8 45. Nxh6 Rb7 46. Bd5 Rd7 47. Bxc6
Bxc6 48. Nf5 Rd3 49. Nd6 Kg7 50. Rf1 Bd5 51. Rc2 Rh8 52. Nf5+ Kg6 53. c6 Be6 54.
Ne7+ Kg7 55. c7 Bc8 56. Rcf2 Be6 57. c8=Q Bxc8 58. Rxf7+ Kh6 59. Nxc8 Rxc8 1-0

[Event "36th ECC Open 2021"]
[Site "Struga MKD"]
[Date "2021.09.24"]
[Round "7.16"]
[Board "5"]
[White "Stojkoski, Acko"]
[Black "Pein, Jonathan"]
[Result "0-1"]
[BlackTitle "CM"]
[WhiteElo "2104"]
[BlackElo "2254"]
[WhiteTeam "Gostivar"]
[BlackTeam "Gonzaga"]
[WhiteFideId "15004260"]
[BlackFideId "417092"]
[EventDate "2021.09.18"]
[EventType "team"]

1. e4 c5 2. Nf3 Nc6 3. d4 cxd4 4. Nxd4 g6 5. Nxc6 bxc6 6. Qd4 Nf6 7. e5 Nd5 8.
e6 f6 9. c4 Nb4 10. Qc3 c5 11. exd7+ Bxd7 12. a3 Nc6 13. Bd3 Nd4 14. b4 Bg7 15.
Bb2 f5 16. Kf1 O-O 17. Nd2 Bc6 18. Bb1 Bf6 19. Qc1 Nb3 20. Nxb3 Bxb2 21. Qe1
Bxa1 22. Nxa1 Qd4 23. Bc2 e5 24. h4 Qg4 25. Rh2 Rad8 26. h5 Be4 27. Ba4 Bd3+ 28.
Kg1 Bxc4 29. Rh3 Qe2 30. Qc1 Rd2 31. Kh2 Bd5 32. Qxc5 Qxf2 33. Rg3 Qxc5 34. bxc5
f4 35. Rg4 f3 36. Nb3 Rxg2+ 37. Rxg2 fxg2 38. Nd2 Rf1 0-1

[Event "36th ECC Open 2021"]
[Site "Struga MKD"]
[Date "2021.09.24"]
[Round "7.16"]
[Board "6"]
[White "Carroll, Peter"]
[Black "Vladimirov, Vladimir MKD"]
[Result "1-0"]
[WhiteTitle "CM"]
[WhiteElo "2059"]
[BlackElo "2169"]
[WhiteTeam "Gonzaga"]
[BlackTeam "Gostivar"]
[WhiteFideId "2510243"]
[BlackFideId "15001040"]
[EventDate "2021.09.18"]
[EventType "team"]

1. e4 d6 2. d4 Nf6 3. Nc3 g6 4. f4 Bg7 5. Nf3 O-O 6. Bd3 Nc6 7. e5 dxe5 8. fxe5
Nd5 9. Nxd5 Qxd5 10. c3 Bg4 11. h3 Bxf3 12. Qxf3 Qxf3 13. gxf3 Rad8 14. Be4 f5
15. Bc2 e6 16. h4 h6 17. b4 Kf7 18. b5 Ne7 19. Bb3 c5 20. bxc6 bxc6 21. Ba3 Rd7
22. Rb1 g5 23. Rg1 Rh8 24. Kf2 gxh4 25. Rxg7+ Kxg7 26. Bxe6 Rdd8 27. Bxe7 Rb8
28. Bf6+ Kg6 29. Rg1+ 1-0

[Event "36th ECC Open 2021"]
[Site "Struga MKD"]
[Date "2021.09.24"]
[Round "7.17"]
[Board "1"]
[White "Elsness, Frode"]
[Black "Noe, Christopher"]
[Result "1/2-1/2"]
[WhiteTitle "IM"]
[BlackTitle "IM"]
[WhiteElo "2467"]
[BlackElo "2518"]
[WhiteTeam "Baerum Schakselskap"]
[BlackTeam "De Sprenger Echternach"]
[WhiteFideId "1501100"]
[BlackFideId "24692018"]
[EventDate "2021.09.18"]
[EventType "team"]

1. d4 Nf6 2. c4 e6 3. Nf3 c5 4. d5 exd5 5. cxd5 d6 6. Nc3 g6 7. Nd2 Nbd7 8. e4
Bg7 9. Be2 O-O 10. O-O a6 11. a4 Rb8 12. a5 Ne8 13. Re1 Nc7 14. Nc4 Ne5 15. Ne3
Nd7 16. Nc4 Ne5 17. Ne3 Nd7 18. Nc4 Ne5 1/2-1/2

[Event "36th ECC Open 2021"]
[Site "Struga MKD"]
[Date "2021.09.24"]
[Round "7.17"]
[Board "2"]
[White "Hammes, Michael"]
[Black "Mihajlov, Sebastian"]
[Result "1/2-1/2"]
[WhiteTitle "IM"]
[BlackTitle "IM"]
[WhiteElo "2345"]
[BlackElo "2381"]
[WhiteTeam "De Sprenger Echternach"]
[BlackTeam "Baerum Schakselskap"]
[WhiteFideId "4619358"]
[BlackFideId "1512110"]
[EventDate "2021.09.18"]
[EventType "team"]

1. d4 Nf6 2. c4 c6 3. Nc3 d5 4. Nf3 dxc4 5. e4 b5 6. Be2 e6 7. O-O Bb7 8. Rb1
Nbd7 9. b3 Bb4 10. e5 Bxc3 11. exf6 Nxf6 12. bxc4 O-O 13. Ba3 Re8 14. Qc1 Bxd4
15. Rd1 e5 16. Bc5 Qc7 17. Nxd4 exd4 18. Bf3 Ne4 19. Bxd4 c5 20. cxb5 Rad8 21.
Ba1 c4 22. Bxe4 Bxe4 23. Qc3 f6 24. Rbc1 Bd3 25. Re1 Qb7 26. Qb4 Kf7 27. a4 a6
28. Bc3 axb5 29. axb5 Rb8 30. Rxe8 Rxe8 31. Re1 Rxe1+ 32. Bxe1 1/2-1/2

[Event "36th ECC Open 2021"]
[Site "Struga MKD"]
[Date "2021.09.24"]
[Round "7.17"]
[Board "3"]
[White "Mihajlov, Svetoslav"]
[Black "Gibicar, Danijel"]
[Result "0-1"]
[WhiteTitle "CM"]
[BlackTitle "FM"]
[WhiteElo "2167"]
[BlackElo "2271"]
[WhiteTeam "Baerum Schakselskap"]
[BlackTeam "De Sprenger Echternach"]
[WhiteFideId "1507168"]
[BlackFideId "24660256"]
[EventDate "2021.09.18"]
[EventType "team"]

1. d4 Nf6 2. c4 c5 3. d5 b5 4. cxb5 a6 5. bxa6 g6 6. Nc3 Bxa6 7. g3 d6 8. Bg2
Nbd7 9. Nf3 Nb6 10. b3 Bg7 11. Rb1 Bb7 12. Nh4 O-O 13. O-O Qc7 14. a4 Ba6 15.
Qc2 Rfb8 16. Rd1 Nbd7 17. h3 Ra7 18. Na2 Rab7 19. e4 Ne5 20. f4 Bd3 21. Rxd3
Nxd3 22. Qxd3 c4 23. Qd2 Rxb3 24. Rxb3 cxb3 25. Nc3 Qc5+ 26. Kh2 Ng4+ 27. hxg4
Bxc3 28. Qd3 b2 29. Bxb2 Rxb2 30. g5 Ra2 31. e5 Rxa4 32. e6 Qc4 33. exf7+ Kf8
34. Nxg6+ hxg6 35. Qxg6 Bg7 36. Qh7 Kxf7 37. Qf5+ Ke8 38. Qg6+ Kf8 39. Qf5+ Ke8
40. Qg6+ Kd7 41. Qxg7 Ra2 42. Qf7 Qe4 43. Qe6+ Qxe6 44. dxe6+ Kxe6 45. Kh3 Rf2
46. Be4 d5 47. Bh7 d4 48. Kg4 Kf7 49. Be4 Re2 50. Bd3 Re3 51. Bc4+ Kg7 52. f5 d3
53. Kf4 d2 54. Kxe3 d1=Q 55. f6+ exf6 56. gxf6+ Kxf6 57. Be2 Qg1+ 58. Kf4 Qd4+
59. Kf3 Kg5 60. Kg2 Qe3 61. Bf3 Qd2+ 62. Kh3 Qf2 63. Bg2 Qf5+ 64. Kh2 Kf6 65.
Bh3 Qh5 66. Kg2 Ke5 0-1

[Event "36th ECC Open 2021"]
[Site "Struga MKD"]
[Date "2021.09.24"]
[Round "7.17"]
[Board "4"]
[White "Gnichtel, Gerd"]
[Black "Lobersli, Henrik Oie"]
[Result "1/2-1/2"]
[WhiteElo "2136"]
[BlackElo "1987"]
[WhiteTeam "De Sprenger Echternach"]
[BlackTeam "Baerum Schakselskap"]
[WhiteFideId "4637127"]
[BlackFideId "1511947"]
[EventDate "2021.09.18"]
[EventType "team"]

1. d4 Nf6 2. Nf3 e6 3. c4 b6 4. g3 Ba6 5. b3 Bb4+ 6. Bd2 Be7 7. Bc3 c6 8. Bg2 d5
9. Ne5 Nfd7 10. Nxd7 Nxd7 11. Nd2 O-O 12. O-O Rc8 13. e4 b5 14. Re1 dxc4 15.
bxc4 bxc4 16. Qa4 Bb5 17. Qc2 Re8 18. a4 Ba6 19. Qa2 c5 20. d5 exd5 21. exd5 Nb6
22. Ba5 Bf6 23. Rac1 Rxe1+ 24. Rxe1 Bb7 25. Bxb6 axb6 26. Qxc4 g6 27. Rb1 Ba8
28. h4 h5 29. Re1 Kg7 30. Nb3 Qd6 31. a5 bxa5 32. Nxa5 Rd8 33. Nc6 1/2-1/2

[Event "36th ECC Open 2021"]
[Site "Struga MKD"]
[Date "2021.09.24"]
[Round "7.17"]
[Board "5"]
[White "Hestvik, Elias"]
[Black "Sparwel, Oliver"]
[Result "1-0"]
[WhiteElo "1860"]
[BlackElo "2013"]
[WhiteTeam "Baerum Schakselskap"]
[BlackTeam "De Sprenger Echternach"]
[WhiteFideId "1534904"]
[BlackFideId "4002660"]
[EventDate "2021.09.18"]
[EventType "team"]

1. e4 d6 2. g3 e5 3. Bg2 g6 4. Nc3 Bg7 5. Nge2 Ne7 6. O-O O-O 7. f4 c6 8. Kh1 f5
9. d4 fxe4 10. dxe5 d5 11. Be3 Na6 12. Na4 Bg4 13. Nc5 Qb6 14. b4 Nxb4 15. a3
Qb5 16. Re1 Nf5 17. Bg1 Nd3 18. cxd3 exd3 19. Qxd3 Qxd3 20. Nxd3 b6 21. Nb4 Rac8
22. Nxc6 1-0

[Event "36th ECC Open 2021"]
[Site "Struga MKD"]
[Date "2021.09.24"]
[Round "7.17"]
[Board "6"]
[White "Schwab, Patrick"]
[Black "Bjugn, Gisle"]
[Result "0-1"]
[WhiteElo "1848"]
[BlackElo "1867"]
[WhiteTeam "De Sprenger Echternach"]
[BlackTeam "Baerum Schakselskap"]
[WhiteFideId "4002490"]
[BlackFideId "1516752"]
[EventDate "2021.09.18"]
[EventType "team"]

1. d4 d5 2. Nf3 Nf6 3. e3 Bf5 4. c4 c6 5. Nc3 e6 6. Qb3 Qb6 7. Be2 h6 8. O-O
Nbd7 9. Nd2 Be7 10. Re1 O-O 11. a3 Rfe8 12. Bf1 Bh7 13. Qxb6 axb6 14. e4 dxc4
15. Bxc4 b5 16. Ba2 b4 17. axb4 Bxb4 18. e5 Nd5 19. Nxd5 cxd5 20. Re3 Ra4 0-1

[Event "36th ECC Open 2021"]
[Site "Struga MKD"]
[Date "2021.09.24"]
[Round "7.18"]
[Board "1"]
[White "Schreiner, Peter"]
[Black "Sorensen, Hampus"]
[Result "1/2-1/2"]
[WhiteTitle "IM"]
[BlackTitle "FM"]
[WhiteElo "2440"]
[BlackElo "2383"]
[WhiteTeam "SV Raika Rapid Feffernitz"]
[BlackTeam "Team Pelaro Alingsas"]
[WhiteFideId "1621645"]
[BlackFideId "8703884"]
[EventDate "2021.09.18"]
[EventType "team"]

1. d4 d5 2. c4 e6 3. Nf3 a6 4. c5 b6 5. cxb6 cxb6 6. Nc3 Bb7 7. Bf4 Bd6 8. Bxd6
Qxd6 9. e3 Nd7 10. Bd3 Ngf6 11. O-O O-O 12. a4 Qb4 13. Qd2 Rfc8 14. a5 bxa5 15.
Ra4 Qd6 16. Qe2 Qb6 17. Rfa1 Ne4 18. Nd1 Nd6 19. Rxa5 Rc1 20. Rxc1 Qxa5 21. Qd2
Qb6 22. Ra1 a5 23. Ne1 g6 24. Nc3 Bc6 25. h3 Qb7 26. Nd1 Qb4 27. Nc3 Qb7 28. Nd1
Qb4 29. Nc3 Qb7 1/2-1/2